[Event "62nd ch-RUS HL w"]
[Site "Tyumen RUS"]
[Date "2012.06.17"]
[Round "2"]
[White "Cheremnova,T"]
[Black "Rassokhina,E"]
[Result "1-0"]
[WhiteElo "2245"]
[BlackElo "2080"]
[EventDate "2012.06.16"]

1. d4 Nf6 2. c4 e6 3. Nf3 b6 4. g3 Bb7 5. Bg2 Bb4+ 6. Nbd2 O-O 7. O-O d6 8.
Nb3 d5 9. c5 bxc5 10. dxc5 c6 11. Qd4 Ba5 12. Nxa5 Qxa5 13. b4 Qd8 14. Bb2
Nbd7 15. a4 e5 16. Nxe5 Nxe5 17. Qxe5 Re8 18. Qd4 Ba6 19. Bf3 Bxe2 20. Bxe2
Rxe2 21. Rfe1 Rxe1+ 22. Rxe1 Qd7 23. Re5 Re8 24. Rg5 Re6 25. Kg2 Qe7 26. b5
Kf8 27. Re5 Rxe5 28. Qxe5 Qxc5 29. Bd4 Qe7 30. Qb8+ Ne8 31. Qxa7 Qe4+ 32.
f3 Qe2+ 33. Bf2 cxb5 34. Qc5+ Kg8 35. axb5 d4 36. b6 d3 37. Qe3 Nf6 38.
Qxe2 dxe2 39. b7 Nd7 40. Be1 f6 41. Kf2 Kf7 42. Ba5 Ke6 43. Bc7 1-0

[Event "62nd ch-RUS HL w"]
[Site "Tyumen RUS"]
[Date "2012.06.17"]
[Round "2"]
[White "Korchagina,V"]
[Black "Gubernatorova,L"]
[Result "0-1"]
[WhiteElo "2098"]
[BlackElo "2243"]
[EventDate "2012.06.16"]

1. e4 e6 2. d4 d5 3. Nc3 Nf6 4. Bg5 Bb4 5. e5 h6 6. Bd2 Bxc3 7. bxc3 Ne4 8.
Qg4 Kf8 9. Bd3 Nxd2 10. Kxd2 c5 11. h4 c4 12. Be2 Nc6 13. Nh3 b5 14. a3 a5
15. Nf4 Rb8 16. Rh3 Ne7 17. Nh5 Nf5 18. Qf4 b4 19. axb4 axb4 20. g4 bxc3+
21. Rxc3 g5 22. hxg5 hxg5 23. Qf3 Nxd4 24. Qe3 Nb3+ 25. Rxb3 cxb3 26. Ra7
b2 27. Qc5+ Kg8 28. Nf6+ Kg7 29. Qe3 b1=Q 30. Qxg5+ Kf8 31. Nh7+ Ke8 32.
Qg7 Qb4+ 33. c3 Rxh7 0-1

[Event "62nd ch-RUS HL w"]
[Site "Tyumen RUS"]
[Date "2012.06.17"]
[Round "2"]
[White "Manina,K"]
[Black "Butuc,M"]
[Result "0-1"]
[WhiteElo "1987"]
[BlackElo "2201"]
[EventDate "2012.06.16"]

1. e4 c5 2. Nc3 e6 3. f4 Nc6 4. Nf3 d5 5. d3 Nf6 6. g3 dxe4 7. dxe4 Qxd1+
8. Kxd1 b6 9. Bb5 Bb7 10. Ke2 a6 11. Bxc6+ Bxc6 12. e5 Ne4 13. Nxe4 Bxe4
14. c3 O-O-O 15. Be3 Be7 16. Rhd1 f6 17. b4 Kc7 18. a3 Kc6 19. Rd2 Bxf3+
20. Kxf3 Rxd2 21. Bxd2 fxe5 22. Ke4 Rd8 23. Be3 exf4 24. Bxf4 Bf6 25. Be5
Rd5 26. Bxf6 gxf6 27. Rf1 Re5+ 28. Kd3 f5 29. Rf4 Re1 30. Rh4 Rd1+ 31. Kc2
Rd7 32. Rh6 Kd5 33. Kd3 Ke5+ 34. Kc4 cxb4 35. cxb4 Rc7+ 36. Kd3 Rc1 37.
Rxh7 Ra1 38. Kc2 Rxa3 39. Kb2 Re3 40. Ra7 Re2+ 41. Kc1 Rxh2 42. Rxa6 Rg2
43. Rxb6 Rxg3 44. b5 Rd3 45. Rb8 Ke4 46. b6 e5 47. b7 Rd7 48. Kc2 f4 49.
Kc1 f3 50. Kc2 Rf7 51. Ra8 Rxb7 52. Kd2 Rd7+ 53. Ke1 Ke3 0-1

[Event "62nd ch-RUS HL w"]
[Site "Tyumen RUS"]
[Date "2012.06.17"]
[Round "2"]
[White "Adamova,T"]
[Black "Kabanova,E"]
[Result "0-1"]
[WhiteElo "1914"]
[BlackElo "2164"]
[EventDate "2012.06.16"]

1. e4 c5 2. Nf3 b6 3. d4 cxd4 4. Nxd4 Bb7 5. Bd3 a6 6. c4 d6 7. Nc3 g6 8.
O-O Bg7 9. Be3 Nd7 10. f4 Ngf6 11. Bc2 Rc8 12. Qe2 Qc7 13. b3 b5 14. Nd5
Nxd5 15. cxd5 Qc3 16. Rad1 O-O 17. Bb1 Qb4 18. Nf3 Rc7 19. Bd4 Bh6 20. f5
Bg7 21. Bxg7 Kxg7 22. Kh1 Nf6 23. Qe3 Rfc8 24. Nd4 Ng4 25. Qf4 Ne5 26. f6+
exf6 27. Qxf6+ Kg8 28. Qg5 Kh8 29. Qf6+ Kg8 30. Qg5 Re8 31. Nf5 Bc8 32.
Nh6+ Kg7 33. Nf5+ Bxf5 34. exf5 f6 35. Qg3 Rc3 36. Qf2 Qc5 37. Qd2 g5 38.
Rde1 Rc8 39. Be4 b4 40. Qe2 Qb5 41. Qxb5 axb5 42. h3 h5 43. Kh2 g4 44. h4
g3+ 45. Kh3 Kh6 46. Bf3 Rg8 47. Re2 Nd3 48. Be4 Nf2+ 49. Rexf2 gxf2+ 50.
Kh2 Re8 51. Bf3 Rc2 52. Kg3 Rxa2 0-1

[Event "62nd ch-RUS HL w"]
[Site "Tyumen RUS"]
[Date "2012.06.18"]
[Round "3"]
[White "Vasilevich,I"]
[Black "Kovanova,B"]
[Result "0-1"]
[WhiteElo "2375"]
[BlackElo "2391"]
[EventDate "2012.06.16"]

1. e4 e5 2. f4 d5 3. exd5 exf4 4. Nf3 Nf6 5. Bc4 Bd6 6. O-O O-O 7. Nc3 c6
8. d4 b5 9. Bd3 b4 10. Ne4 Nxe4 11. Bxe4 f5 12. Bd3 cxd5 13. c4 bxc3 14.
Qb3 Be6 15. Re1 Bf7 16. bxc3 Nc6 17. Bxf5 Qf6 18. Qc2 g6 19. Bd7 Na5 20.
Ne5 Bxe5 21. dxe5 Qe7 22. Bg4 g5 23. Bf3 Be6 24. Qe2 Nc4 25. Rb1 Rf5 26.
Qxc4 dxc4 27. Bxa8 Qc5+ 28. Kf1 Rxe5 29. Be4 Bf5 30. Rb8+ Kg7 31. Rb7+ Kf6
0-1

[Event "62nd ch-RUS HL w"]
[Site "Tyumen RUS"]
[Date "2012.06.18"]
[Round "3"]
[White "Ivakhinova,I"]
[Black "Kovalevskaya,E"]
[Result "1/2-1/2"]
[WhiteElo "2306"]
[BlackElo "2417"]
[EventDate "2012.06.16"]

1. d4 d5 2. c4 e6 3. Nf3 c5 4. cxd5 exd5 5. g3 Nc6 6. Bg2 cxd4 7. Nxd4 Qb6
8. Nxc6 bxc6 9. Nc3 Nf6 10. O-O Be7 11. e4 dxe4 12. Be3 Qb4 13. a3 Qc4 14.
Rc1 Qe6 15. Qa4 O-O 16. Nxe4 Nd5 17. Bc5 Bxc5 18. Nxc5 Qh6 19. b4 Bh3 20.
Bxh3 Nb6 21. Qc2 Qxh3 22. Nb7 Rac8 23. Nd6 Rcd8 24. Qxc6 Nd7 25. Rfe1 Nf6
26. Nc4 h6 27. Qg2 Qf5 28. Rc3 Rd3 29. Rxd3 Qxd3 30. Qf1 Qb3 31. Re3 Qc2
32. Qe2 Qc1+ 33. Qf1 Qc2 34. Qd3 Qc1+ 35. Kg2 Rc8 36. Ne5 Qc7 37. Re2 Rd8
38. Qc4 Qb7+ 39. Qc6 Qe7 40. Qc4 Re8 41. Re3 Qb7+ 42. Qc6 Qb8 43. Ng4 Rxe3
44. Nxf6+ gxf6 45. fxe3 Qe5 46. Qc8+ Kh7 47. Qc2+ Kg7 48. e4 Qd4 49. h4 Qe3
50. a4 Qd4 51. b5 Qb4 52. Kf3 Qe1 53. Kg2 Qb4 54. Kh2 Qe1 55. Qb2 Kg6 56.
Qc2 Kg7 57. Kg2 1/2-1/2

[Event "62nd ch-RUS HL w"]
[Site "Tyumen RUS"]
[Date "2012.06.18"]
[Round "3"]
[White "Ubiennykh,E"]
[Black "Ovod,E"]
[Result "1-0"]
[WhiteElo "2336"]
[BlackElo "2410"]
[EventDate "2012.06.16"]

1. d4 Nf6 2. c4 c5 3. d5 e5 4. Nc3 d6 5. e4 Be7 6. Bd3 a6 7. Nge2 Nbd7 8.
h4 h5 9. f3 Nh7 10. g3 Nhf8 11. Be3 g5 12. hxg5 Bxg5 13. Qd2 Bxe3 14. Qxe3
Nf6 15. O-O-O Rg8 16. f4 Bd7 17. Kb1 Ng6 18. Nc1 Ng4 19. Qd2 exf4 20. gxf4
Qf6 21. Rdf1 Qh8 22. Nb3 b6 23. a4 a5 24. Nb5 Bxb5 25. cxb5 Ne7 26. e5
O-O-O 27. Nxa5 dxe5 28. Nc6 Nxc6 29. bxc6 Kc7 30. fxe5 Nxe5 31. Rf5 Rxd5
32. Qf4 Rg4 33. Rxf7+ Kxc6 34. Bb5+ Kd6 35. Qh2 Ke6 36. Rb7 Qd8 37. Be2 Rg5
38. Rf1 Rd3 39. Qf4 Rd4 40. Qe3 Rb4 41. Rd1 Qg8 42. Rxb6+ Rxb6 43. Bc4+ Kf6
44. Rf1+ 1-0

[Event "62nd ch-RUS HL w"]
[Site "Tyumen RUS"]
[Date "2012.06.18"]
[Round "3"]
[White "Pogonina,N"]
[Black "Cheremnova,T"]
[Result "1-0"]
[WhiteElo "2447"]
[BlackElo "2245"]
[EventDate "2012.06.16"]

1. e4 c6 2. d4 d5 3. e5 Bf5 4. Nf3 e6 5. Be2 c5 6. O-O Nc6 7. c3 cxd4 8.
cxd4 Nge7 9. a3 Nc8 10. b4 Nb6 11. Nbd2 Be7 12. Bb2 O-O 13. Rc1 Rc8 14. Ne1
f6 15. Nd3 fxe5 16. dxe5 Nd7 17. Nf3 Qb6 18. Qd2 a5 19. b5 Ncb8 20. a4 Nc5
21. Nxc5 Bxc5 22. Nd4 Nd7 23. f4 Qd8 24. Kh1 Bb4 25. Qe3 Nc5 26. Nxf5 Rxf5
27. Bg4 Rf8 28. Qh3 Qe7 29. Bd4 Rfe8 30. f5 Rc7 31. Bh5 Rf8 32. f6 Qd7 33.
f7+ Kh8 34. Bg6 h6 35. Be3 Ne4 36. Bxh6 Rxf7 37. Bg5+ 1-0

[Event "62nd ch-RUS HL w"]
[Site "Tyumen RUS"]
[Date "2012.06.18"]
[Round "3"]
[White "Gubernatorova,L"]
[Black "Zaiatz,E"]
[Result "1-0"]
[WhiteElo "2243"]
[BlackElo "2446"]
[EventDate "2012.06.16"]

1. d4 Nf6 2. Nf3 d5 3. e3 c5 4. c4 e6 5. Nc3 dxc4 6. Bxc4 a6 7. a4 Nc6 8.
O-O Be7 9. Qd3 O-O 10. Rd1 cxd4 11. exd4 Nb4 12. Qe2 Nfd5 13. Ne4 b6 14.
Ne5 Bb7 15. Ra3 f6 16. Nf3 Re8 17. Ne1 f5 18. Ng3 Bd6 19. Nf1 Rc8 20. Rh3
Bf4 21. Be3 g6 22. Bb3 a5 23. Qd2 Nxe3 24. fxe3 Bd6 25. Ng3 Bd5 26. Bxd5
Nxd5 27. Nd3 Qd7 28. e4 Bxg3 29. Rxg3 Ne7 30. Ne5 Qxa4 31. d5 Qxe4 32. d6
Rc2 33. d7 Rd8 34. Qd6 Qe2 35. Qxe6+ 1-0

[Event "62nd ch-RUS HL w"]
[Site "Tyumen RUS"]
[Date "2012.06.18"]
[Round "3"]
[White "Butuc,M"]
[Black "Severiukhina,Z"]
[Result "0-1"]
[WhiteElo "2201"]
[BlackElo "2337"]
[EventDate "2012.06.16"]

1. Nf3 Nf6 2. d4 g6 3. g3 Bg7 4. Bg2 O-O 5. O-O d6 6. a4 a5 7. Nbd2 Nc6 8.
Nc4 Bd7 9. c3 Qc8 10. Re1 Re8 11. e4 e5 12. dxe5 dxe5 13. Qc2 Bh3 14. Bg5
Nh5 15. Rad1 Bxg2 16. Kxg2 Qe6 17. b3 h6 18. Bc1 Nf4+ 19. Bxf4 exf4 20. Nd4
Nxd4 21. cxd4 f3+ 22. Kxf3 Qh3 23. e5 Ra6 24. Ne3 Rc6 25. Qd3 Rd8 26. Qb5
Rb6 27. Qxa5 f6 28. Qc3 fxe5 29. dxe5 Rf8+ 30. Ke2 Qh5+ 31. Kf1 Qxh2 32.
Qc4+ Kh8 33. Ng4 Qh1+ 34. Ke2 Qf3+ 35. Kf1 h5 36. Nf6 Bxf6 37. exf6 Rbxf6
38. Qd4 Qxg3 39. Rd3 Qxf2+ 40. Qxf2 Rxf2+ 41. Kg1 R2f7 42. Kg2 Kg7 43. Kg3
Kh6 44. Re6 Kg5 45. Rd5+ Rf5 46. Rxf5+ Rxf5 47. Re7 h4+ 0-1

[Event "62nd ch-RUS HL w"]
[Site "Tyumen RUS"]
[Date "2012.06.18"]
[Round "3"]
[White "Kabanova,E"]
[Black "Pustovoitova,D"]
[Result "0-1"]
[WhiteElo "2164"]
[BlackElo "2307"]
[EventDate "2012.06.16"]

1. e4 e5 2. Bc4 Nf6 3. Nf3 Nxe4 4. Nxe5 d5 5. Qe2 Bc5 6. d3 Bxf2+ 7. Kf1
Bb6 8. Bb3 Qe7 9. Bxd5 Nd6 10. Bg5 f6 11. Qh5+ Kd8 12. Bh4 g5 13. Ng6 Qe8
14. Bxg5 Rf8 15. Bh4 hxg6 16. Qf3 c6 17. Bb3 Nf5 18. Bf2 Bxf2 19. Kxf2 Nd4
20. Qd1 Qe5 21. Nd2 Qf4+ 22. Nf3 Re8 23. Bf7 Re2+ 24. Qxe2 Nxe2 25. Kxe2
Bg4 26. Bxg6 Bxf3+ 27. gxf3 Nd7 28. h4 Ne5 29. h5 Qxf3+ 30. Kd2 Qf2+ 31.
Kc3 Kc7 32. Raf1 Qc5+ 33. Kb3 Nf3 34. Rxf3 Qd5+ 35. c4 Qxf3 36. Be4 Qg4 37.
Bg6 f5 38. Rf1 f4 39. Be4 Qxh5 40. Rxf4 Qd1+ 41. Ka3 Rh8 42. c5 Qc1 43. Rf5
b6 44. Rf7+ Kb8 45. cxb6 axb6 46. Rf6 Rh2 47. Rxc6 Qxb2+ 48. Ka4 Qxa2+ 49.
Kb4 Qa5+ 50. Kc4 Rc2+ 51. Kb3 Qa2+ 52. Kb4 Qb2+ 53. Ka4 Rxc6 54. Bxc6 Qc2+
55. Kb5 Qc5+ 0-1

[Event "62nd ch-RUS HL w"]
[Site "Tyumen RUS"]
[Date "2012.06.18"]
[Round "3"]
[White "Drozdova,D"]
[Black "Schepetkova,M"]
[Result "1/2-1/2"]
[WhiteElo "2256"]
[BlackElo "2181"]
[EventDate "2012.06.16"]

1. d4 Nf6 2. c4 e6 3. Nc3 Bb4 4. Qc2 d5 5. e3 c5 6. a3 Bxc3+ 7. bxc3 O-O 8.
cxd5 exd5 9. Bd3 c4 10. Be2 Nc6 11. a4 Re8 12. Nf3 Bg4 13. O-O Ne4 14. Bd2
Na5 15. Be1 Re6 16. Ne5 Bxe2 17. Qxe2 f6 18. f3 Nd6 19. Ng4 Qe8 20. Bd2 h5
21. Nf2 Nb3 22. Rae1 Qxa4 23. e4 Qa2 24. Bf4 Qxe2 25. Rxe2 Nb5 26. Rc2 Rae8
27. h4 a5 28. e5 a4 29. Nd1 a3 30. Ra2 Ra6 31. g4 fxe5 32. dxe5 Nc5 33. Be3
Nd3 34. f4 hxg4 35. Kg2 d4 36. Bxd4 Nxd4 37. cxd4 Nb4 38. Ra1 Nc2 39. Ra2
Nxd4 40. Ne3 b5 41. Rd1 Nc6 42. Rd7 Re7 43. Rd6 Rea7 44. h5 Nb4 45. Rd8+
Kf7 46. Ra1 a2 47. f5 Ra3 48. e6+ Kf6 49. Kf2 g3+ 50. Ke2 Rxe3+ 51. Kxe3
Nc2+ 52. Kf4 g5+ 53. hxg6 Nxa1 54. e7 Kxe7 55. g7 Kxd8 56. g8=Q+ Kc7 57.
Qg7+ Kb6 58. Qd4+ Kb7 59. Qg7+ 1/2-1/2

[Event "62nd ch-RUS HL w"]
[Site "Tyumen RUS"]
[Date "2012.06.18"]
[Round "3"]
[White "Bodnaruk,A"]
[Black "Sazonova,A"]
[Result "1-0"]
[WhiteElo "2394"]
[BlackElo "1963"]
[EventDate "2012.06.16"]

1. e4 c5 2. Nf3 d6 3. d4 cxd4 4. Nxd4 Nf6 5. Nc3 a6 6. h3 e6 7. g4 d5 8.
exd5 Nxd5 9. Nde2 Bb4 10. Bg2 Nc6 11. O-O Nxc3 12. Nxc3 Qc7 13. Be3 O-O 14.
Na4 Qe5 15. Qd3 Rd8 16. Qe4 Ba5 17. Qxe5 Nxe5 18. Bb6 Bxb6 19. Nxb6 Rb8 20.
Rad1 Re8 21. f4 Nc6 22. Rd6 Ne7 23. c4 g6 24. Kf2 Kg7 25. Rfd1 Kf8 26. b3
Kg7 27. Rd8 Kf8 28. R1d6 h6 29. c5 Nd5 30. Nxd5 exd5 31. Bxd5 Rxd8 32.
Rxd8+ Ke7 33. Rh8 a5 34. Ke3 Ra8 35. f5 1-0

[Event "62nd ch-RUS HL w"]
[Site "Tyumen RUS"]
[Date "2012.06.18"]
[Round "3"]
[White "Sazonova,E"]
[Black "Dotdaeva,A"]
[Result "1-0"]
[WhiteElo "2159"]
[BlackElo "2139"]
[EventDate "2012.06.16"]

1. e4 c5 2. Nf3 Nc6 3. Nc3 g6 4. d4 cxd4 5. Nxd4 Bg7 6. Nde2 Nf6 7. g3 O-O
8. Bg2 d6 9. h3 Bd7 10. O-O Rb8 11. a4 a6 12. Nd5 Nxd5 13. exd5 Ne5 14. Ra2
Qc7 15. b3 Bc8 16. Nd4 Nd7 17. a5 Nf6 18. Re1 Qc5 19. Ne2 Bd7 20. Be3 Qc8
21. Kh2 Bf5 22. c4 h5 23. Ba7 Ra8 24. Bd4 Qd7 25. Nc3 e5 26. dxe6 fxe6 27.
Na4 Rae8 28. Nb6 Qc7 29. Rd2 Rd8 30. Be3 Rf7 31. Bg5 e5 32. Bd5 Nxd5 33.
Nxd5 Qb8 34. Bxd8 Qxd8 35. Nb6 h4 36. Rxd6 hxg3+ 37. fxg3 Qg5 38. h4 Qh6
39. Qd5 Qh5 40. Rd8+ Bf8 41. Nd7 1-0

[Event "62nd ch-RUS HL w"]
[Site "Tyumen RUS"]
[Date "2012.06.18"]
[Round "3"]
[White "Likhovid,E"]
[Black "Korchagina,V"]
[Result "1/2-1/2"]
[WhiteElo "2030"]
[BlackElo "2098"]
[EventDate "2012.06.16"]

1. c4 Nf6 2. Nc3 g6 3. g3 Bg7 4. Bg2 O-O 5. e4 d6 6. Nge2 e5 7. O-O Be6 8.
Nd5 Nfd7 9. d3 c6 10. Ndc3 f5 11. exf5 gxf5 12. f4 Nf6 13. h3 Nbd7 14. Rb1
a5 15. Kh2 Nc5 16. Be3 Nfd7 17. b3 Qe7 18. a3 e4 19. dxe4 Nxe4 20. Nxe4
fxe4 21. Bd4 d5 22. cxd5 cxd5 23. f5 Bxf5 24. Bxg7 Kxg7 25. Qxd5 Ne5 26.
Nd4 Nf3+ 27. Bxf3 exf3 28. Rbe1 Qd7 29. Nxf5+ Qxf5 30. Re7+ Kg6 31. Qxf5+
Rxf5 32. Rxb7 Re8 33. g4 Re2+ 34. Kg1 Rf6 35. Rb5 Rg2+ 36. Kh1 Rb2 37. a4
Rf4 38. Kg1 Rg2+ 39. Kh1 Rb2 40. Kg1 Rg2+ 41. Kh1 Rb2 1/2-1/2

[Event "62nd ch-RUS HL w"]
[Site "Tyumen RUS"]
[Date "2012.06.18"]
[Round "3"]
[White "Korchenkova,I"]
[Black "Manina,K"]
[Result "1/2-1/2"]
[WhiteElo "2088"]
[BlackElo "1987"]
[EventDate "2012.06.16"]

1. e4 d6 2. d4 Nf6 3. Nc3 e5 4. dxe5 dxe5 5. Qxd8+ Kxd8 6. Bg5 c6 7. f3 Be6
8. a3 Bc5 9. Nge2 Nbd7 10. Nc1 h6 11. Bh4 g5 12. Bg3 Nh5 13. Nb3 Nxg3 14.
hxg3 Bb6 15. g4 Ke7 16. Na4 Bc7 17. Nac5 Nxc5 18. Nxc5 Bc8 19. Bc4 b6 20.
Nd3 Bd7 21. Ke2 f6 22. Rh2 Rh7 23. Rah1 Rah8 24. Nf2 Be8 25. Nd1 b5 26. Bb3
Bb6 27. a4 a6 28. axb5 axb5 29. Nc3 h5 30. gxh5 Rxh5 31. Rxh5 Rxh5 32. Rxh5
Bxh5 33. g4 Be8 34. Bg8 Bd4 35. Nd1 b4 36. c3 bxc3 37. bxc3 Bb6 38. Kd3 Bd7
39. Nb2 Bc8 40. Na4 Ba7 41. Bc4 Kd6 1/2-1/2

[Event "62nd ch-RUS HL w"]
[Site "Tyumen RUS"]
[Date "2012.06.18"]
[Round "3"]
[White "Rassokhina,E"]
[Black "Adamova,T"]
[Result "1-0"]
[WhiteElo "2080"]
[BlackElo "1914"]
[EventDate "2012.06.16"]

1. d4 Nf6 2. c4 c5 3. d5 b5 4. Nf3 d6 5. a4 bxc4 6. Nc3 g6 7. e4 Nbd7 8.
Bxc4 Bg7 9. h3 O-O 10. O-O a5 11. Re1 Ne8 12. Bf4 Nb6 13. Bb5 Bb7 14. Qd2
Nc7 15. Rad1 f5 16. Bh6 fxe4 17. Bxg7 Kxg7 18. Ng5 h6 19. Ngxe4 Ncxd5 20.
Nxd5 Bxd5 21. Qc3+ Kh7 22. Qg3 Rf7 23. Nc3 Bb7 24. Re6 Rg7 25. Bd3 Qg8 26.
Rde1 Nc8 27. h4 h5 28. Qg5 Qf7 29. Qxh5+ Kg8 30. Bxg6 Qf4 31. Nd5 Bxd5 32.
Qxd5 Nb6 33. Qb3 Nc4 34. R6e4 Qf6 35. Qxc4+ Kh8 36. h5 Rf8 37. Qe2 e5 38.
Rd1 Rb7 39. Qd2 Kg7 40. f3 Rd8 41. Qd5 Rdd7 42. Rg4 Kh8 43. h6 Rb8 44. h7
Rdd8 45. Bf7 Kxh7 46. Qe4+ Kh8 47. Rg6 Qxf7 48. Qh4+ 1-0

[Event "62nd ch-RUS HL w"]
[Site "Tyumen RUS"]
[Date "2012.06.19"]
[Round "4"]
[White "Kovanova,B"]
[Black "Girya,O"]
[Result "1-0"]
[WhiteElo "2391"]
[BlackElo "2414"]
[EventDate "2012.06.16"]

1. e4 c5 2. Nc3 Nc6 3. g3 g6 4. Bg2 Bg7 5. d3 d6 6. Be3 Rb8 7. Qd2 b5 8.
Nge2 b4 9. Nd1 Nd4 10. O-O Qb6 11. Nc1 e6 12. c3 bxc3 13. bxc3 Nc6 14. f4
Nge7 15. Nb3 O-O 16. Nb2 Na5 17. Nxa5 Qxa5 18. Nc4 Qc7 19. g4 d5 20. Ne5
Ba6 21. Rfd1 Bb7 22. Qf2 f6 23. Nf3 dxe4 24. dxe4 Bxe4 25. Bxc5 Rbd8 26.
Rxd8 Rxd8 27. Re1 Bd5 28. Bxe7 Qxe7 29. Nd4 e5 30. Bxd5+ Rxd5 31. f5 Qd7
32. Ne6 Bf8 33. Qf3 g5 34. c4 Rd3 35. Qa8 Qe7 36. c5 Rc3 37. Rb1 Rxc5 38.
Nxf8 Kf7 39. Ne6 1-0

[Event "62nd ch-RUS HL w"]
[Site "Tyumen RUS"]
[Date "2012.06.19"]
[Round "4"]
[White "Iljushina,O"]
[Black "Ubiennykh,E"]
[Result "0-1"]
[WhiteElo "2354"]
[BlackElo "2336"]
[EventDate "2012.06.16"]

1. d4 Nf6 2. c4 e6 3. Nf3 Bb4+ 4. Nbd2 O-O 5. e3 Re8 6. Bd3 d6 7. a3 Bxd2+
8. Qxd2 a5 9. b3 Nc6 10. Bb2 Qe7 11. Bc2 e5 12. d5 Nb8 13. Bc3 b6 14. h3
Ba6 15. a4 Nbd7 16. e4 Nc5 17. Qe2 c6 18. O-O-O b5 19. axb5 cxb5 20. cxb5
Bc8 21. g4 Qc7 22. Kd2 Bd7 23. g5 Bxb5 24. Qe3 Nh5 25. Nh4 Nf4 26. Nf5 Rec8
27. Ba1 Bd3 28. Nh6+ gxh6 29. Rhg1 Nxe4+ 30. Ke1 Qxc2 31. gxh6+ Kf8 32. f3
Ng2+ 33. Rxg2 Qxg2 34. Rxd3 Qh1+ 35. Ke2 Rc2+ 0-1

[Event "62nd ch-RUS HL w"]
[Site "Tyumen RUS"]
[Date "2012.06.19"]
[Round "4"]
[White "Romanko,M"]
[Black "Timofeeva,Ekaterina"]
[Result "1-0"]
[WhiteElo "2420"]
[BlackElo "2273"]
[EventDate "2012.06.16"]

1. d4 Nf6 2. c4 g6 3. Nc3 d5 4. cxd5 Nxd5 5. Nf3 Bg7 6. g3 c5 7. Bg2 Nc6 8.
Nxd5 Qxd5 9. dxc5 Qxd1+ 10. Kxd1 Bf5 11. Nd2 Bd4 12. Bxc6+ bxc6 13. e4 Be6
14. f3 Bxc5 15. b3 Bd4 16. Rb1 Rd8 17. Bb2 Be3 18. Ke2 Bh6 19. Rhd1 O-O 20.
Nc4 f5 21. e5 Bd5 22. Bd4 Rd7 23. Nb2 Rfd8 24. Bc3 Kf7 25. Ba5 Rb8 26. Nd3
Rb5 27. Bc3 e6 28. Bb4 g5 29. h3 a5 30. Bd6 Bf8 31. Bxf8 Kxf8 32. Rbc1 h5
33. Ke3 Ra7 34. Nc5 Rg7 35. Rxd5 f4+ 36. gxf4 gxf4+ 37. Kd4 exd5 38. Ne6+
Kf7 39. Nxg7 Rb4+ 40. Kd3 Kxg7 41. Rxc6 Kf7 42. Ra6 Rb5 43. Kd4 Ke7 44. Rh6
1-0

[Event "62nd ch-RUS HL w"]
[Site "Tyumen RUS"]
[Date "2012.06.19"]
[Round "4"]
[White "Pustovoitova,D"]
[Black "Pogonina,N"]
[Result "0-1"]
[WhiteElo "2307"]
[BlackElo "2447"]
[EventDate "2012.06.16"]

1. e4 e5 2. Nf3 Nc6 3. Bb5 a6 4. Ba4 Nf6 5. O-O b5 6. Bb3 Bb7 7. c3 Nxe4 8.
d4 exd4 9. Re1 d5 10. Ng5 Qd7 11. f3 h6 12. Nxf7 Qxf7 13. fxe4 O-O-O 14.
cxd4 Na5 15. e5 Be7 16. Qg4+ Kb8 17. Rf1 Qe8 18. Bc2 g5 19. b3 c5 20. Be3
Nc6 21. Bf5 cxd4 22. Bxd4 Nxd4 23. Qxd4 Qc6 24. Kh1 Bc5 25. Qd3 Rhe8 26. e6
Bc8 27. Nd2 Bxe6 28. Rac1 Qb6 29. Bg6 Rf8 30. Rfe1 Bb4 31. Re2 Bxd2 32.
Rxd2 Bc8 33. Bh5 Bb7 34. Bf3 Rfe8 35. a4 Re3 36. Qf5 Rde8 37. Rdd1 R8e5 38.
Qf8+ Ka7 39. axb5 Qxb5 40. b4 g4 41. Bxg4 d4 42. Bf3 Rxf3 43. gxf3 Qe2 44.
Rf1 Rg5 0-1

[Event "62nd ch-RUS HL w"]
[Site "Tyumen RUS"]
[Date "2012.06.19"]
[Round "4"]
[White "Kovalevskaya,E"]
[Black "Vasilevich,I"]
[Result "1/2-1/2"]
[WhiteElo "2417"]
[BlackElo "2375"]
[EventDate "2012.06.16"]

1. c4 e5 2. g3 Nc6 3. Bg2 Nf6 4. Nc3 Bb4 5. e3 Bxc3 6. bxc3 O-O 7. e4 d6 8.
d3 h6 9. Ne2 Nh7 10. Rb1 Rb8 11. O-O f5 12. Be3 fxe4 13. dxe4 Be6 14. c5 b6
15. cxd6 cxd6 16. Nc1 Na5 17. Nb3 Nc4 18. Qe2 Rc8 19. Rbd1 Qd7 20. Bc1 b5
21. f3 a5 22. Rf2 Qa7 23. Na1 Ng5 24. Nc2 Rc7 25. h4 Nh7 26. Ne3 Nf6 27.
Nxc4 Bxc4 28. Qe3 d5 29. Qxa7 Rxa7 30. Be3 Raf7 31. Rfd2 dxe4 32. fxe4 Ng4
33. Bc5 Rc8 34. Rd8+ Rxd8 35. Rxd8+ Kh7 36. a3 h5 37. Rd6 a4 38. Bb6 Rf6
39. Bc5 Kg6 40. Bh3 Rxd6 41. Bxd6 Kf6 42. Bxg4 1/2-1/2

[Event "62nd ch-RUS HL w"]
[Site "Tyumen RUS"]
[Date "2012.06.19"]
[Round "4"]
[White "Severiukhina,Z"]
[Black "Ivakhinova,I"]
[Result "0-1"]
[WhiteElo "2337"]
[BlackElo "2306"]
[EventDate "2012.06.16"]

1. e4 e5 2. Nf3 Nc6 3. Bb5 a6 4. Ba4 Nf6 5. O-O Be7 6. Re1 b5 7. Bb3 d6 8.
c3 O-O 9. h3 Na5 10. Bc2 c5 11. d4 Nd7 12. d5 Nb6 13. Nbd2 f5 14. exf5 Bxf5
15. Bxf5 Rxf5 16. Ne4 Qe8 17. Ng3 Rf8 18. Qd3 c4 19. Qe4 Nb7 20. Qg4 Qf7
21. Rd1 Rab8 22. Bg5 Nc5 23. Be3 Rbc8 24. b4 cxb3 25. axb3 Nxd5 26. Bxc5
Rxc5 27. Rxa6 Nxc3 28. Rda1 e4 29. Nxe4 h5 30. Qd7 Nxe4 31. Ra7 Bf6 32. Re1
Qxd7 33. Rxd7 Re8 34. b4 Rcc8 0-1

[Event "62nd ch-RUS HL w"]
[Site "Tyumen RUS"]
[Date "2012.06.19"]
[Round "4"]
[White "Schepetkova,M"]
[Black "Gubernatorova,L"]
[Result "1-0"]
[WhiteElo "2181"]
[BlackElo "2243"]
[EventDate "2012.06.16"]

1. d4 d5 2. c4 c5 3. cxd5 Qxd5 4. Nf3 cxd4 5. Qxd4 Qxd4 6. Nxd4 a6 7. Nc3
Nf6 8. Bg5 Nbd7 9. e4 e5 10. Nf5 h6 11. Bh4 Bb4 12. O-O-O O-O 13. f3 b5 14.
Be2 Ra7 15. Be1 Bc5 16. b4 Bb6 17. a4 bxa4 18. Nxa4 Bc7 19. Bf2 Ra8 20. Rd2
Kh7 21. Rc2 Bd8 22. Nc5 Ne8 23. Rd1 Bg5+ 24. Kb2 Nb8 25. Bc4 Bxf5 26. exf5
Nc7 27. Na4 Nc6 28. Bb3 Nxb4 29. Rxc7 Rab8 30. Bc5 Rfe8 31. Kc3 a5 32. Bxf7
Rec8 33. Rxc8 Rxc8 34. Bc4 Nc6 35. Nb6 Rb8 36. Nd7 Rd8 37. Nf8+ Kh8 38.
Rxd8 Bxd8 39. Ng6+ Kh7 40. Bb5 1-0

[Event "62nd ch-RUS HL w"]
[Site "Tyumen RUS"]
[Date "2012.06.19"]
[Round "4"]
[White "Ovod,E"]
[Black "Bodnaruk,A"]
[Result "0-1"]
[WhiteElo "2410"]
[BlackElo "2394"]
[EventDate "2012.06.16"]

1. d4 Nf6 2. c4 g6 3. Nc3 Bg7 4. e4 d6 5. h3 O-O 6. Nf3 Na6 7. Bg5 Qe8 8.
Be2 e5 9. d5 Nh5 10. g3 f5 11. exf5 gxf5 12. Nh4 Nf6 13. g4 f4 14. Rg1 Nc5
15. Nf5 Bxf5 16. gxf5 Kh8 17. b4 Nce4 18. Nxe4 Nxe4 19. Bh5 Qd7 20. f6 Bxf6
21. Bh6 Rg8 22. Bg4 Qe8 23. Qc2 Qg6 24. O-O-O Bh4 25. Be6 Qxg1 26. Rxg1
Rxg1+ 27. Kb2 Nxf2 28. Qa4 Rg6 29. Qd7 Rxh6 30. Qxc7 f3 31. Bf5 e4 32. Qxb7
Rf8 33. Ka3 e3 34. Qxa7 e2 35. Qd4+ Rhf6 36. Qxh4 Rxf5 37. Qxf2 Re5 0-1

[Event "62nd ch-RUS HL w"]
[Site "Tyumen RUS"]
[Date "2012.06.19"]
[Round "4"]
[White "Zaiatz,E"]
[Black "Kabanova,E"]
[Result "1-0"]
[WhiteElo "2446"]
[BlackElo "2164"]
[EventDate "2012.06.16"]

1. d4 c5 2. d5 d6 3. e4 g6 4. h4 Nf6 5. Nc3 Bg7 6. Be2 O-O 7. h5 b5 8. hxg6
fxg6 9. e5 dxe5 10. Bxb5 Ba6 11. a4 Qa5 12. Bd2 Qb4 13. Nf3 Qg4 14. O-O
Bxb5 15. axb5 Nbd7 16. Ng5 Qf5 17. f3 Nb6 18. Ne6 Nfxd5 19. Nxf8 Bxf8 20.
Nxd5 Nxd5 21. c4 Nb6 22. Be3 e6 23. Qe2 Nd7 24. Rfd1 Qf7 25. Bf2 h5 26. Qe4
Nb6 27. b3 Rc8 28. Ra2 Kh7 29. Rad2 Bg7 30. Rd8 Rxd8 31. Rxd8 Qc7 32. Bh4
Kh6 33. Rd1 g5 34. Bf2 Qe7 35. Be3 Qf8 36. Kf2 Qe7 37. Rh1 Bf6 38. g4 Kg7
39. Rxh5 Kf8 40. Rh7 Bg7 41. Qg6 Qd7 42. Bxc5+ 1-0

[Event "62nd ch-RUS HL w"]
[Site "Tyumen RUS"]
[Date "2012.06.19"]
[Round "4"]
[White "Cheremnova,T"]
[Black "Sazonova,A"]
[Result "1-0"]
[WhiteElo "2245"]
[BlackElo "1963"]
[EventDate "2012.06.16"]

1. d4 Nf6 2. c4 g6 3. Nc3 Bg7 4. e4 d6 5. f3 O-O 6. Nge2 Nc6 7. Be3 a6 8.
Qd2 Rb8 9. Rc1 Bd7 10. Nd1 e6 11. Nf2 b5 12. c5 dxc5 13. Rxc5 Re8 14. g3
Bf8 15. Rc1 e5 16. d5 Bb4 17. Nc3 Na5 18. a3 Bf8 19. Rd1 Nb7 20. Be2 Bc5
21. O-O Bxe3 22. Qxe3 Qe7 23. Nd3 a5 24. b4 axb4 25. axb4 Ra8 26. Ra1 Nd6
27. Qc5 Kf8 28. Rfc1 Nc4 29. Rxa8 Rxa8 30. Qxc7 Rc8 31. Qa7 Qd6 32. Nc5 Be8
33. Nxb5 Bxb5 34. Bxc4 Bxc4 35. Rxc4 Rb8 36. Nb7 1-0